000 00479nam a2200169Ia 4500
008 230718s9999 xx 000 0 und d
020 _a9789350237212
041 _aeng
082 _a658.7'82
_bIGO
100 _aIgoe T.
_9193662
245 _aGetting Started With RFID
_bIdentify Objects In The Physical World Around
260 _c2012
_bSPD
300 _a28
365 _cRs.
_b100.00
700 _aIgoe T.
_9193662
906 _dO:0367331-Dec-2016B:266828-Dec-2016
_cGENRL
_b15
999 _c343883
_d343883